000 00567nam a2200181Ia 4500
005 20250508155823.0
008 008 250505s9999 xx 000 0 eng d
020 _a978-0-8264-8688-2
037 _aBooks to be hide in OPAC
040 _aFEDL
_beng
_cFEDL
041 _aeng
_2eng
084 _a374, GRE/O
_qFEDL
100 _aGreen T L
_992039
245 0 _aSocial education and the use of a audio visual aids in India a report on discussion and visits on behalf of UNESCO
300 _a38p.
942 _cHB
_h374, GRE/O
999 _c1359456
_d1359456